Provincias Españolas Aleatorias por Fronteras - Estadísticas

Estadísticas generales
  • Esta prueba ha sido intentada 2.661 veces
  • La puntuación promedio es 12 de 15
Estadísticas de respuestas
Fronteras Provincia % Correcto
Gerona | Lérida | Tarragona Barcelona
92%
Barcelona | Lérida Gerona
92%
Granada | Murcia Almería
89%
Badajoz | Cádiz | Sevilla Huelva
89%
Lugo | Pontevedra La Coruña
89%
La Coruña | Lugo | Orense Pontevedra
89%
Huelva | Málaga | Sevilla Cádiz
88%
Tarragona | Teruel | Valencia Castellón
87%
Cádiz | Córdoba | Granada | Sevilla Málaga
87%
Barcelona | Gerona | Huesca | Tarragona | Zaragoza Lérida
86%
Albacete | Murcia | Valencia Alicante
85%
Lérida | Navarra | Zaragoza Huesca
85%
Barcelona | Castellón | Lérida | Teruel | Zaragoza Tarragona
85%
Badajoz | Cádiz | Córdoba | Huelva | Málaga Sevilla
84%
Albacete | Alicante | Castellón | Cuenca | Teruel Valencia
84%
Cantabria | León | Lugo Asturias
83%
Guadalajara | Huesca | La Rioja | Lérida | Navarra | Soria | Tarragona | Teruel Zaragoza
83%
Badajoz | Ciudad Real | Granada | Jaén | Málaga | Sevilla Córdoba
82%
Asturias | La Coruña | León | Orense | Pontevedra Lugo
82%
Ávila | Cuenca | Guadalajara | Segovia | Toledo Madrid
82%
Albacete | Alicante | Almería | Granada Murcia
82%
Ávila | Cáceres | Valladolid | Zamora Salamanca
82%
Albacete | Badajoz | Córdoba | Cuenca | Jaén | Toledo Ciudad Real
81%
Albacete | Ciudad Real | Córdoba | Granada Jaén
81%
Asturias | Cantabria | Lugo | Orense | Palencia | Valladolid | Zamora León
80%
Castellón | Cuenca | Guadalajara | Tarragona | Valencia | Zaragoza Teruel
80%
Asturias | Burgos | León | Palencia | Vizcaya Cantabria
79%
Albacete | Ciudad Real | Guadalajara | Madrid | Teruel | Toledo | Valencia Cuenca
79%
Albacete | Almería | Córdoba | Jaén | Málaga | Murcia Granada
79%
Ávila | Badajoz | Cáceres | Ciudad Real | Cuenca | Madrid Toledo
79%
Alicante | Ciudad Real | Cuenca | Granada | Jaén | Murcia | Valencia Albacete
78%
Cáceres | Ciudad Real | Córdoba | Huelva | Sevilla | Toledo Badajoz
78%
León | Lugo | Pontevedra | Zamora Orense
78%
Burgos | Cantabria | León | Valladolid Palencia
78%
Álava | Cantabria | La Rioja | Palencia | Segovia | Soria | Valladolid | Vizcaya Burgos
77%
Álava | Navarra | Vizcaya Guipúzcoa
77%
Álava | Burgos | Navarra | Soria | Zaragoza La Rioja
77%
Cáceres | Madrid | Salamanca | Segovia | Toledo | Valladolid Ávila
76%
Ávila | Badajoz | Salamanca | Toledo Cáceres
76%
Álava | Guipúzcoa | Huesca | La Rioja | Zaragoza Navarra
76%
Cuenca | Madrid | Segovia | Soria | Teruel | Zaragoza Guadalajara
75%
Ávila | Burgos | Guadalajara | Madrid | Soria | Valladolid Segovia
75%
Ávila | Burgos | León | Palencia | Salamanca | Segovia | Zamora Valladolid
75%
León | Orense | Salamanca | Valladolid Zamora
75%
Burgos | Guipúzcoa | La Rioja | Navarra | Vizcaya Álava
74%
Burgos | Guadalajara | La Rioja | Segovia | Zaragoza Soria
71%
Álava | Burgos | Cantabria | Guipúzcoa Vizcaya
71%
No se encontraron pruebas coincidentes
Distribución de puntuación
Porcentaje de gente con cada puntuación
Porcentaje por número respondido
Historial de tus puntuaciones
No has intentado esta prueba.